000 01768nam0a2200385 4500
001 RU\NLR\bibl\1484428
005 20260405225142.0
010 _a978-5-9221-1124-9
_bв пер.
_9400
021 _aRU
_b2010-2397
_9144
035 _a(NLR Aleph) 001476049
090 _a1673812
_c1673812
100 _a20100127d2009 |||y0rusy50 ca
101 0 _arus
_deng
102 _aRU
105 _aa |||||||||
200 1 _aНелинейно-динамическая криптология. Радиофизические и оптические системы
_fС.Н. Владимиров, И.В. Измайлов, Б.Н. Пойзнер
_gпод ред. д.ф.-м.н. С.Н. Владимирова
210 _aМосква
_cФИЗМАТЛИТ
_d2009
215 _a206 с.
_cил.
_d22
300 _aРез. на англ. яз.
320 _aБиблиогр.: с. 187-199 (183 назв.)
320 _aПредм. указ.: с. 200-202
517 0 _aРадиофизические и оптические системы
606 1 _aКриптография
_xМатематическая теория
_92287182
_3RU\NLR\auth\661369974
686 _aЗ811.4с343.4,0
_2rubbk
686 _aЗ884.1-57-016.2,0
_2rubbk
686 _aЗ811.4
700 1 _4070
_8rus
_7ca
_aВладимиров
_bС. Н.
_cд-р физ.-мат. наук
_gСергей Николаевич
_3RU\NLR\auth\7781174
_964102
701 1 _aИзмайлов
_bИ. В.
_gИгорь Валерьевич
_4070
701 1 _4070
_8rus
_7ca
_aПойзнер
_bБ. Н.
_f1941-
_gБорис Николаевич
_3RU\NLR\auth\77103207
_986133
801 0 _aRU
_bRuMoRGB
_c20100127
_grcr
801 1 _aRU
_bRuMoRGB
_c20100127
801 2 _aRU
_bNLR
_c20100315
_grcr
942 _cBOOK
980 _aNB